000 00823nam a2200229 a 4500
999 _c3273
_d3273
001 3273
003 BD-JhCC
005 20171112205012.0
008 171112s2006 bg |||| |||| 000 0 ben d
035 _a(BD-JhCC)
040 _aBD-JhCC
_dBD-JhCC
041 _aben
082 _a305.30904503
_bGEN 2006
_222
245 _aজেন্ডার বিশ্বকোষ /
_cসেলিনা হোসেন
260 _aঢাকা:
_bমাওলা ব্রাদার্স;
_c২০০৬
300 _a৮১২ পৃ.;
_c২২ সেমি
505 _aপ্রথম খন্ডঃ অ - ন দ্বিতীয় খন্ডঃ প - হ
650 _aEncyclopedia of Gender
700 _aহোসেন, সেলিনা
700 _aমাসুদুজ্জামান
942 _2ddc
_cBK